000 00443ntaaa2200181 4500
003 01
005 20251027202431.0
008 0714s1973 ag 01
040 _aAR-BaBN
_bspa
_cAR-BaBN
_eaacr
_dRIC
082 _a261.7100 J71
100 _aJones, E. Stanley
_915655
245 _aCristo y el comunismo
250 _a1 ed.
260 _aMontevideo :
_bEditorial La Idea,
_c1936
300 _a338 p.
650 _aComunismo
_92897
942 _cBK
999 _c19271
_d19271